000 00234 a2200109 4500
005 20260324144625.0
020 _a9789382951711
100 _aKHERA, SHIV
245 _aYOU CAN WIN
260 _bBLOOMSBURY, NEWDELHI
_c2021
942 _cBK
999 _c224112
_d224112